SOUR-Olivia Rodrigo - Statistics

General Stats
  • This quiz has been taken 66 times
  • The average score is 8 of 11
Answer Stats
SOUR % Correct
Traitor
86%
Brutal
84%
Deja vu
84%
Drivers license
81%
Good 4 u
81%
Happier
81%
Enough for you
72%
Hope ur ok
72%
Favorite crime
67%
Jealousy, jealousy
67%
1 step forward, 3 steps back
63%
No matching quizzes found
Score Distribution
Percent of People with Each Score
Percentile by Number Answered
Your Score History
You have not taken this quiz